000
00273nam a22001217a 4500
999
_c
534327
_d
534327
040
_c
MSOHAIL
082
_a
891.4391
100
_a
Shorish kashmiri
_9
1291
245
_a
Guftani-o-Naguftani
260
_a
Lahore
_b
Maktaba Jehan
_c
c1995
300
_a
288;p
942
_2
ddc
_c
BK